000 00759nas a2200277 4500
001 BR0403001
003 BR-BrBNA
005 20231205104609.0
007 ta
008 230509b bl.|||p| |||| 00| 00por d
040 _aBR-BrBNA
_bpor
_cBiblioteca Nacional de Agricultura
041 _a(Pt)
072 _aL72; L73
100 1 _aLabruna, M.B.
245 1 _aCarrapatos
650 _aANIMAL DOMÉSTICO
650 _aANIMAL SELVAGEM
650 _aCARRAPATO
650 _aHOMEM
650 _aDOENÇA ANIMAL
650 _aTRANSMISSÃO DE DOENÇA
650 _aPARASITISMO
773 0 _tHora Veterinária (Brazil)
_xISSN 0101-9163
_g(Jan-Feb 2004), v. 23(137) p. 63-65
_wBR0403001
909 _a202311
_bLúcia
_c55
_dLúcia Elande
942 _2AGRIS
_n0
_cANA
999 _c178889
_d178889